000 00527nam a22002057a 4500
999 _c10134
_d10134
001 10134
003 OSt
005 20180418173250.0
008 180418b1973 bg ||||| |||| 00| 0 ben d
035 _a(BD-JhCC)10134
040 _aBD-JhCC
_dBD-JhCC
041 _aben
082 _a891.443
_bKAR 1973
100 _aকরীম, রশীদ
245 _aআমার যত গ্লানি /
_c রশীদ করীম
300 _a277 p. :
_c20 CM.
650 _aBengali Novel
942 _2ddc
_cBK